Công nghệ 8 Công nghiệp

Gorde:
Xehetasun bibliografikoak
Egile nagusia: Nguyễn, Minh Đường
Beste egile batzuk: Đặng, Văn Đào
Formatua: Liburua
Hizkuntza:Undetermined
Argitaratua: H. Giáo dục 2008
Gaiak:
Sarrera elektronikoa:http://lrc.tdmu.edu.vn/opac/search/detail.asp?aID=2&ID=4925
Etiketak: Etiketa erantsi
Etiketarik gabe, Izan zaitez lehena erregistro honi etiketa jartzen!
Thư viện lưu trữ: Trung tâm Học liệu Trường Đại học Thủ Dầu Một
LEADER 00686nam a2200217Ia 4500
001 TDMU_4925
008 210410s9999 xx 000 0 und d
082 |a 600.71 
090 |b NG525 
100 |a Nguyễn, Minh Đường 
245 0 |a Công nghệ 8 
245 0 |c Nguyễn Minh Đường 
245 0 |p Công nghiệp 
260 |a H. 
260 |b Giáo dục 
260 |c 2008 
300 |a 208tr 
650 |a Công nghiệp  |x Dạy và học; Sách lớp 8  |v Giáo khoa 
700 |a Đặng, Văn Đào 
856 |u http://lrc.tdmu.edu.vn/opac/search/detail.asp?aID=2&ID=4925 
980 |a Trung tâm Học liệu Trường Đại học Thủ Dầu Một